Sistema de limpieza urbana para la Ciudad de Cartago
Gardado en:
| Autor Principal: | |
|---|---|
| Formato: | Desconocido |
| Publicado: |
[San José, Costa Rica]
1973
|
| Materias: | |
| Etiquetas: |
Engadir etiqueta
Sen Etiquetas, Sexa o primeiro en etiquetar este rexistro!
|
MARC
| LEADER | 00000 a2200000 4500 | ||
|---|---|---|---|
| 003 | 011421 | ||
| 005 | 20221231143819.0 | ||
| 008 | 140114s1973 c a m 000 ||s d | ||
| 040 | |c cru CEDI | ||
| 090 | |a TFG 498 | ||
| 100 | |a Jiménez Domián, Alfredo |9 18075 | ||
| 245 | |a Sistema de limpieza urbana para la Ciudad de Cartago | ||
| 260 | |c 1973 |a [San José, Costa Rica] | ||
| 300 | |a 87 hojas : cuadros, gráficos ; 28 cm | ||
| 500 | |a Tesis (Ingeniero Civil) Universidad de Costa Rica. | ||
| 501 | |a Ed. mimeografiada. | ||
| 650 | |x RECOLECCION DE BASURAS |x CARTAGO (COSTA RICA) |9 18076 | ||
| 942 | |c TFG | ||
| 999 | |c 12381 |d 12381 | ||
